OBSTTETRICS AND GYNAECILOGY (Record no. 1361)

MARC details
000 -LEADER
fixed length control field 00338nam a2200133Ia 4500
008 - FIXED-LENGTH DATA ELEMENTS--GENERAL INFORMATION
fixed length control field 150201s2010 xx 000 0 und d
082 ## - DEWEY DECIMAL CLASSIFICATION NUMBER
Classification number 618.1
Item number O10P
100 ## - MAIN ENTRY--PERSONAL NAME
Personal name PTU
245 ## - TITLE STATEMENT
Title OBSTTETRICS AND GYNAECILOGY
260 ## - PUBLICATION, DISTRIBUTION, ETC. (IMPRINT)
Name of publisher, distributor, etc. SUPPORT SERVICE CORPORATION
Place of publication, distribution, etc. GURGAON
Date of publication, distribution, etc. 2010
300 ## - PHYSICAL DESCRIPTION
Extent 1-130
650 ## - SUBJECT ADDED ENTRY--TOPICAL TERM
Topical term or geographic name as entry element OBST & GYNAECOLOGY
942 ## - ADDED ENTRY ELEMENTS (KOHA)
Source of classification or shelving scheme Dewey Decimal Classification
Koha item type Books
Holdings
Withdrawn status Lost status Source of classification or shelving scheme Damaged status Not for loan Collection code Home library Current library Shelving location Date acquired Source of acquisition SGTU Total Checkouts Full call number Barcode Date last seen Bill Date Koha item type
    Dewey Decimal Classification     MEDICAL SGT Medical Library SGT Medical Library Text Book 16/08/2012 COMP SGTU   618.1 O10P FM5008 09/02/2015 16/08/2012 Books
    Dewey Decimal Classification     MEDICAL SGT Medical Library SGT Medical Library Text Book 16/08/2012 COMP SGTU   618.1 O10P FM5009 09/02/2015 16/08/2012 Books